Statistics for First name as Last Name as First Name #3

Click here to take the quiz!

General Stats

  • This quiz has been taken 254 times
    (251 since last reset)
  • The average score is 10 of 14

Answer Stats

First name? Name ?Last Name% Correct
MegRyanReynolds
96%
RonJeremyIrons
88%
JesseJamesJoyce
86%
DickClarkGable
85%
WoodyAllenGinsberg
82%
RalphLaurenBacall
81%
LaToyaJacksonBrowne
78%
BruceLeeOswald
76%
BuddyHollyHunter
72%
JohnOliverCromwell
71%
GeneKellyOsbourne
65%
MartinLutherVandross
55%
JerryLewisBlack
53%
HeatherGrahamGreene
41%

Score Distribution

Percentile by Number Answered

Percent of People with Each Score

Your Score History

You have not taken this quiz since the last reset